00725nam a2200241 a 4500001001300000003000900013005001700022008004100039020001000080082001600090100001500106245003400121260005700155300000700212500003500219505003400254650002200288700001500310902000800325942000700333952012800340999001500468nice12345678IN_TiNIC20260116012139.0050524s1976 teha grp 000 0 eng  ac10000a297.63bALP aAil, Tulip aGlimpses of the Prophets Life aTehranbWorld Organisation for Islamic Studiesc1976 a51 aincludes index and biblioraphy2 aAppendex, Bibliography, Index aMuhammad, Prophet1 aAil, Tulip bSRS cBK 001040708StackRoom-aHMIbHMId2007-07-09g100.00l1o297.63 ALPp09786r2023-01-24s2023-01-20v100.00w2005-05-24yBK c5825d5825